| 000 | 00405nam a22001697a 4500 | ||
|---|---|---|---|
| 999 |
_c2357 _d2356 |
||
| 005 | 20210902103430.0 | ||
| 008 | 160601b xxu||||| |||| 00| 0 eng d | ||
| 020 | _a0-07-462084-3 | ||
| 041 | _aeng | ||
| 082 |
_b6765 _a658 |
||
| 100 |
_a BASU, C R _91675 |
||
| 245 | _aBusiness Organisation and Management | ||
| 260 |
_aNEW DELHI _bTMH _c2000 |
||
| 300 | _a475 | ||
| 650 |
_aManagement _9241 |
||
| 942 | _cBK | ||